| 000 | 00407cam a2200157ua 4500 | ||
|---|---|---|---|
| 003 | OSt | ||
| 008 | 250802b |||||||| |||| 00| 0 eng d | ||
| 020 | _a0 412 22560 3 | ||
| 041 | _aeng | ||
| 082 |
_a624.2 _bLEL/AR |
||
| 100 |
_aLeliavsky, Serg . _97653 |
||
| 245 | _aArches and short span bridges / | ||
| 260 |
_aNew Delhi : _bOxford & IBH Publishing company , _c1982. |
||
| 300 | _a298 ; . | ||
| 942 | _cBK | ||
| 999 |
_c9340 _d9340 |
||